Co robią koty? - Statystyki

Ogólne statystyki
  • Ten quiz został rozwiązany 162 razy
  • Średni wynik to 2 z 5
Statystyki odpowiedzi
Odpowiedź % Poprawnych
mruczą
77%
drapią
69%
miałczą
59%
łaszą się
15%
biegają za światełkiem | biegają za laserem
3%
Nie znaleziono quizów pasujących do podanych kryteriów
Rozkład punktacji
Procent ludzi z każdym wynikiem
Percentyl według liczby udzielonych odpowiedzi
Twoja historia wyników
Nie rozwiązałeś tego quizu